| 000 | 00569 a2200217 4500 | ||
|---|---|---|---|
| 005 | 20250111160113.0 | ||
| 008 | 250111b |||||||| |||| 00| 0 eng d | ||
| 020 |
_a9789390709120 _cRs. 425.00 |
||
| 040 | _aMAIN | ||
| 082 |
_a546 _bD26F(3) |
||
| 100 | _aDas, Asim K | ||
| 245 | _aFundamental concepts of inorganic chemistry. 3B | ||
| 250 | _a3rd | ||
| 260 |
_bCBS Publishers and Distributors _c2021 _aNew Delhi |
||
| 300 | _axvi, 384 | ||
| 650 | _aChemistry | ||
| 650 | _aInorganic Chemistry | ||
| 700 | _aDas, Mahua | ||
| 700 | _aDas, Ankita | ||
| 942 | _cBK | ||
| 999 |
_c359515 _d359515 |
||